LEADER 00836nam0-22003011i-450- 001 990006482250403321 005 20001010 035 $a000648225 035 $aFED01000648225 035 $a(Aleph)000648225FED01 035 $a000648225 100 $a20001010d--------km-y0itay50------ba 101 0 $aita 105 $ay-------001yy 200 1 $aHistorical Dictionary of Mali$fPascal James Imperato 210 $aMetuchen$cScarecrow$d1977. 215 $aXXXII, 204 p.$d22 cm 225 1 $aAfrican historical dictionaries$v11 676 $a966.03 700 1$aImperato,$bPascal James$0243712 801 0$aIT$bUNINA$gRICA$2UNIMARC 901 $aBK 912 $a990006482250403321 952 $aCOLLEZ. 504 (11)$b10426$fFSPBC 959 $aFSPBC 996 $aHistorical Dictionary of Mali$9652706 997 $aUNINA DB $aGEN01 LEADER 01306cam2-2200373---450 001 990003007710203316 005 20181220143140.0 035 $a000300771 035 $aUSA01000300771 035 $a(ALEPH)000300771USA01 035 $a000300771 100 $a20071108d1947----km-y0itay50------ba 101 0 $aita 102 $aIT 105 $aa|||||||001yy 200 1 $a<<30:>> Vite di avventure di fede e di passione$eFilippo di Fiandra, Il conte di Campobasso, Il marchese di Vico, Isabella di Morra, Diego Duque de Estrada, Carlo Lauberg$fBenedetto Croce 205 $a2. ed. riveduta e accresciuta 210 $aBari$cLaterza$d1947 215 $aVIII, 456 p.$cill.$d21 cm 461 0$1001000300746$12001$aScritti di storia letteraria e politica 700 1$aCROCE,$bBenedetto$f<1866-1952>$09641 801 0$aIT$bsalbc$gISBD 912 $a990003007710203316 951 $aFC M 947/30$bFC$cFC M 951 $aXV.14.A. 1135 30$b260064 L.M.$cXV.14.$d409439 959 $aBK 969 $aDILAM 969 $aFVIG 979 $aDILAM$b90$c20071108$lUSA01$h1103 979 $aDILAM1$b90$c20080612$lUSA01$h1212 979 $aANNAMARIA$b90$c20120522$lUSA01$h1409 979 $aANNAMARIA$b90$c20160909$lUSA01$h1259 996 $aVite di avventure di fede e di passione$9476935 997 $aUNISA